MARC

LEADER 00000nam0a2200000 4500
001 39085
005 20231031011049.0
010 |a 5942710015 
035 |a (RuTPU)RU\TPU\book\39923 
090 |a 39085 
100 |a 20020322d2002 m y0rusy50 ca 
101 0 |a rus 
102 |a RU 
105 |a a j 001zy 
200 1 |a Учебник пользователя IBM PC  |e Абсолютно новое издание популярной книги  |f А. Микляев 
210 |a Москва  |c Альтекс-А  |d 2002 
215 |a 702 с.  |c ил. 
320 |a Библиогр.: с. 671-702. 
610 1 |a информатика 
610 1 |a Far manager 
610 1 |a MS DOS 
610 1 |a CorelDRAW 9 
610 1 |a CorelDRAW 8 
610 1 |a Excel 97 
610 1 |a Excel 2000 
610 1 |a Word 2000 
610 1 |a Word 97 
610 1 |a Windows 95 
610 1 |a компьютеры 
610 1 |a устройства 
610 1 |a программное обеспечение 
610 1 |a операционные системы 
610 1 |a программное обеспечение 
610 1 |a операционные системы 
610 1 |a текстовые редакторы 
610 1 |a табличные редакторы 
610 1 |a графические редакторы 
610 1 |a файлы 
610 1 |a Интернет 
610 1 |a компьютерные вирусы 
610 1 |a защита 
610 1 |a безопасность 
610 1 |a программы 
610 1 |a конфигурирование 
610 1 |a учебники 
675 |a 681.322-181.4(07)  |v 3 
700 1 |a Микляев  |b А.  |g Александр 
801 1 |a RU  |b 63413507  |c 20020322  |g PSBO 
801 2 |a RU  |b 63413507  |c 20050201  |g PSBO 
942 |c BK